Kdo je inovátor?
Čo robí človeka inovátorom. Hlavné charakteristiky inovátora.
Saved in:
| Main Author: | |
|---|---|
| Format: | Book Chapter |
| Language: | Czech |
| Subjects: | |
| Tags: |
No Tags, Be the first to tag this record!
|
MARC
| LEADER | 00000naa a2200000 4500 | ||
|---|---|---|---|
| 001 | 0228851 | ||
| 005 | 20170327111609.7 | ||
| 041 | 0 | |a cze | |
| 044 | |a CZ | ||
| 245 | 1 | 0 | |a Kdo je inovátor? |c Roman Šiser |
| 520 | |a Čo robí človeka inovátorom. Hlavné charakteristiky inovátora. | ||
| 610 | 2 | 0 | |a inovácia |
| 610 | 2 | 0 | |a kreativita |
| 610 | 2 | 0 | |a energia |
| 100 | 1 | |a Šiser, Roman | |